| 000 | 00662nam a22002177a 4500 | ||
|---|---|---|---|
| 005 | 20251108164222.0 | ||
| 008 | 250721s1992 xx 000 0 ara d | ||
| 082 | 1 | 4 | _a210.42/فكر |
| 100 | 1 | _aطنطاوي، محمد سيد | |
| 245 | 1 | 0 | _aفكر المسلم المعاصر : ما الذي يشغله ؟ / |
| 264 | 1 |
_aالقاهرة : _bمركز الأهرام للترجمة والنشر، _c1992. |
|
| 300 | _a258 ص. | ||
| 650 | 1 | 7 | _aالإسلام |
| 650 | 1 | 7 | _aالإقتصاد |
| 650 | 1 | 7 | _aالمرأة |
| 650 | 1 | 7 | _aالسياسة |
| 700 | 1 | _aعمارة، محمد | |
| 700 | 1 | _aحتحوت، حسان | |
| 942 |
_2ddc _cBK |
||
| 999 |
_c6654 _d6654 |
||